Question pour un Champion - 15 Janvier 2025 - Statistiques

Statistiques générales
  • Ce quiz a été pris 135 fois
  • Le résultat moyen est 13 sur 45
Statistiques - réponses
Points Catégorie Question Réponse % Correct
1 Gastronomie Quelle spécialité des alpes françaises et de Suisse préparées dans un caquelon se déguste en trempant des morceaux de pain dans du fromage fondu avec du vin blanc? La fondue
97%
2 Laguage Dans le langage familier, par quel prénom masculin désigne t-on un maillot de corps sans manche de forme analogue au débardeur? Marcel
75%
3 Géographie Quel volcan actif est situé à 8km du sud-est de Naples? Le Vésuve
61%
3 Culture générale Quel métal blanc, brillant, utilisé en alliage, est noté par le symbole Ti? Le Titane
60%
1 Botanique Quel arbuste dont le nom scientifique est ilex aquifolium est reconnaissable à ses feuilles vertes bordées de piquant et à ses fruits rouges? Le houx
59%
2 À propos de boucles En 2022, quel chanteur d'origine gitane est l'un des interprètes du titre "En boucle"? Kendji Girac
53%
1 Châteaux de France Quel château des Yvelines agrandit par Louis XIV ... ? Le château de Versailles
53%
1 À propos de boucles Dans quelle figure classique d'acrobatie aérienne, désignée par un mot anglais, un avion exécute-il une boucle circulaire? Un looping
53%
2 Culture générale Quelle pierre fine, très dure, verte ou blanchâtre, a constitué très tôt la matière noble par excellence des objets d'art produits en Chine? Le jade
52%
Sciences et technique Quel est cet instrument, pouvant être dit "d'appareilleur", " à balustre" ou "de trisection", je suis associé à l'or dans une récompense italienne du monde du design, permettant notamment de comparer ou reporter des longueurs; composé de deux branches articulées à une l'extrémité, dont l'une se termine par une pointe en métal et d'autre part une mine ou un emplacement pour un crayon, utilisé par les écoliers en géométrie pour tracer les cercles, je suis ... Le compas
50%
2 Santé/Médecine Quelle méthode thérapeutique, caractérisée par le traitement des troubles psychiques par la parole, Freud a-t-il inventé? La psychanalyse
45%
Musique Opéra français, créé en 1875 ayant donné mon nom à une chanson de Stromae sortie en 2013, je choque les critiques de l'époque; inspiré par la musique populaire espagnole je suis adapté d'une oeuvre de Prosper Mérimée, et suis resté célèbre pour l'air "l'amour est enfant de bohème", opéra de Georges Bizet racontant l'histoire d'amour entre un brigadier et une belle gitane de Séville, je suis ... Carmen
43%
Gastronomie Friandise dont la version de forme allongée appelée "muscadine" est saupoudrée de sucre glace, ma durée de conservation est très brève; préparée avec du chocolat fondu, du beurre ou de la crème, ainsi que du sucre, je suis façonnée en boule et roulée dans du cacao en poudre; confiserie traditionnellement offerte lors des fêtes de fin d'année, je dois mon nom à mon aspect évoquant un champignon sous-terrain très estimé, je suis ... La truffe
42%
1 Châteaux de France Quel château célèbre pour son escalier à double hélice s'inscrit au coeur du plus grand parc forestier d'Europe ? Le château de Chambord
36%
2 Télévision En mars 1988, dans quelle série américaine dont le héros est un extraterrestre poilu hébergé par la famille Tanner? Alf
33%
3 À propos de boucles Chez l'être humain, quel segment du tube digestif comprend le jéjunum et l'iléon, qui sont formés d'une quinzaine de grandes boucles? L'intestin grêle
33%
Géographie Sommet du massif du Karakorum dans le nord du Cachemire, ma première ascension est tentée par Jacot-Guillarmod et Wessely en 1902, conquis par l'expédition italienne de Desio en 1954 je suis une pyramide rocheuse culminant à 8611 mètres; avec l'Everest je suis l'un des plus hauts sommets du monde et domine le bassin glaciaire du Baltoro, sommet de l'Himalaya également appelé "Chogori", "Godwin-Austen", "Dapsang", je suis ... Le K2
31%
2 Châteaux de France Quel château dont une aile forme un pont sur le Cher a été offert ... ? Le château de Chenonceau
30%
2 Musique En 2024, quel chanteur révélé par la saison 3 de l'émission The Voice a sorti la chanson "Sommet", choisie comme hymne par France Télévision pour accompagner les JO de Paris? Amir
28%
1 Femmes dans les séries policières Quelle série télé française diffusée dès 1992 avait pour héroïne une femme commissaire de police incarnée par Véronique Genest? Julie Lescaut
27%
2 Femmes dans les séries policières Dans quelle série américaine une unité dirigée par Teresa Lisbon se sert des dons d'observation de Patrick Jane pour enquêter sur des crimes ? Mentalist
27%
2 Géographie Quelle île de l'Océan Indien surnommée "l'île aux épices", forme avec l'île voisine de Pemba la Tanzanie insulaire? Zanzibar
26%
Culture générale Catégorie de personnes dont une des appellations apparait en 1993 dans le magazine américain Advertising Age, je suis également désigné par un mot anglais popularisé par les auteurs d'une théorie générationnelle; associée à des stéréotypes faisant de ses membres des digital natives, je suis composée de personnes nées approximativement entre le début des années 1980 et les années 2000, catégorie figurant après la génération Y, je suis ... Les millenials
25%
2 Cinéma En 2008, quel long métrage de Marjane Satrapi et Vincent Paronnaud a concouru aux Oscars dans la catégorie "Meilleur film d'Animation" ? Persepolis
25%
3 Animaux Quel petit oiseau pouvant être des marais ou des jardins, tient son nom de son plumage fauve? La fauvette
17%
1 Femmes dans les séries policières Dans la série 'Soeur Thérèse.com", quelle actrice est une ancienne policière devenue religieuse à qui on fait appel pour résoudre des affaires criminelles ? Dominique Lavanant
16%
Histoire Homme célèbre, surnommé "Évêque d'Autun" en 1788, devenu prince de Bénévent 18 ans plus tard, j'ai été incarné au cinéma par Sacha Guitry en 1948; ministre des relations extérieures du directoire, du consulat et de l'Empire, puis ministre des affaires étrangères sous le règne de Louis XVIII; je fais partie des figures de la diplomatie du début du XIXe, ayant joué un rôle important lors du congrès de Vienne je suis surnommé le diable boiteux, je suis ... Talleyrand
16%
3 Femmes dans les séries policières Dans quelle série télé américaine l'actrice Stana Katic incarne une policière qui enquête aux côtés d'un écrivain de polars? Castle
15%
3 Sport Entre 1994 et 2007, quel footballeuse française a inscrit 81 buts en 112 sélections avec l'équipe nationale? Marinette Pichon
15%
1 À propos de boucles Par quel mot composé désigne-t-on une mèche de cheveux aplatie en boucle sur le front ou sur la tempe? Un accroche-coeur
12%
2 Femmes dans les séries policières Dans quelle série américaine portant le titre d'un film des frères Cohen, l'adjointe Molly Solverson tentait de résoudre ... ? Fargo
11%
3 Châteaux de France En 1898, quel château Guillaume II décide t-il de reconstruire sur la crête des Vosges? Le château du Haut-Kœnigsbourg
11%
3 Mythologie Dans la mythologie grecque, quelle femme du roi Tyndare séduite par Zeus métamorphosé en cygne ... ? Léda
11%
Cinéma Actrice britannique née en 1959, je débute dans la comédie musicale "Me and my girl" avant de rencontrer Kenneth Branagh qui me fait tourner dans ses films; aussi à l'aise dans le registre comique que dramatique, j'ai remporté l'Oscar de la meilleure actrice pour "Retour à Howards End" et celui du meilleur scénario adapté pour "Raison et sentiments", jouant aussi dans "Harry Potter", "Men in Black" et dans "Cruella" en 2021, je suis ... Emma Thompson
10%
4 Femmes dans les séries policières Quelle série télé policière diffusée dès 2009 relate les enquêtes de Chloé Saint-Laurent, psychologue spécialisée en criminologie? Profilage
10%
2 À propos de boucles Quelle cravate souple nouée en deux larges boucles ... ? La lavallière
9%
Animaux Quel est ce type de chien également appelé Dachshund, je résulte d'une forme naine d'un chien connu depuis l'antiquité pour sa capacité à aller dans les terriers; utilisé à l'origine pour la chasse aux blaireaux, ... Le Teckel/Le basset allemand
9%
2 Châteaux de France Quel château de la Drome évoque le souvenir de Madame de Sévigné et de sa fille Le château de Grignan
8%
Sport Athlète né en 1974, je termine 3e des mondiaux juniors sur 5000 mètres et connais un échec en chutant lors de la finale olympique du 1500 mètres en 1996; détenteur de 4 titres de champion du monde et de 3 médailles olympiques dont deux d'or obtenues à Athènes, je n'ai été battu que 5 fois entre 1995 et 2006; athlète marocain spécialiste du 1500 mètres et du 5000 mètres, j'ai interrompu ma carrière en 2006, je suis ... Hicham El Guerrouj
5%
3 Littérature Dans les années 1950, quel écrivain français chef de ligne des Hussards, publie "Le hussard bleu" et "Les enfants tristes"? Roger Nimier
5%
4 Femmes dans les séries policières Dans la série "Meutres au paradis", quelle actrice a incarné le sergent Camille Bordet qui aide un inspecteur britannique dans ses investigations Sara Martins
5%
3 À propos de boucles Quelle chicorée à larges feuilles, consommée en salades est représentée par une variété précoce appelée "Grosse bouclée"? La scarole
4%
4 Châteaux de France Quel château fort à deux ponts levis a été bâtis au XIIIe siècle près du Cap Fréhel dans les Côtes d'Armor par une famille de nobles bretons? Fort La Latte
3%
3 Châteaux de France Dans quel château d'Ile-et-Villaine l'écrivain Chateaubriand a-t-il passé une partie de sa jeunesse? Le château de Combourg
3%
3 Femmes dans les séries policières Dans quelle série diffusée en 2023 sur France 2, Noémie Lvovsky incarne la maire d'une commune située près de la frontière belge? Sambre
3%
Aucun quiz correspondant
Distribution des résultats
% des personnes avec chaque résultat
Percentile par nombre de réponses
Votre historique - résultats
Vous n’avez pas pris ce quiz